Decorating cakes for special occasions : (Record no. 10217)
[ view plain ]
| 000 -LEADER | |
|---|---|
| fixed length control field | 00650nam a22002057a 4500 |
| 003 - CONTROL NUMBER IDENTIFIER | |
| control field | OSt |
| 005 - DATE AND TIME OF LATEST TRANSACTION | |
| control field | 20140310182201.0 |
| 008 - FIXED-LENGTH DATA ELEMENTS--GENERAL INFORMATION | |
| fixed length control field | 130902t xxu||||| |||| 00| 0 eng d |
| 020 ## - INTERNATIONAL STANDARD BOOK NUMBER | |
| International Standard Book Number | 0855326042 |
| 050 ## - LIBRARY OF CONGRESS CALL NUMBER | |
| Classification number | TX 771.2 |
| Item number | P648 1987 |
| 082 ## - DEWEY DECIMAL CLASSIFICATION NUMBER | |
| Classification number | HS 641.8653 |
| Item number | P65 1987 |
| 100 ## - MAIN ENTRY--PERSONAL NAME | |
| Personal name | Pinder, Polly. |
| 9 (RLIN) | 16254 |
| 245 ## - TITLE STATEMENT | |
| Title | Decorating cakes for special occasions : |
| Remainder of title | Birthday cake for the compulsine knitter / |
| Statement of responsibility, etc | Polly Pinder. |
| 260 ## - PUBLICATION, DISTRIBUTION, ETC. (IMPRINT) | |
| Place of publication, distribution, etc | Tunbridge Wells, Kent : |
| Name of publisher, distributor, etc | Search Press Ltd, |
| Date of publication, distribution, etc | 1987. |
| 300 ## - PHYSICAL DESCRIPTION | |
| Extent | 126 p. ; |
| Other physical details | col. ill. ; |
| Dimensions | 29 cm. |
| 650 ## - SUBJECT ADDED ENTRY--TOPICAL TERM | |
| Topical term or geographic name as entry element | Desserts |
| 9 (RLIN) | 16255 |
| 650 ## - SUBJECT ADDED ENTRY--TOPICAL TERM | |
| Topical term or geographic name as entry element | Decorating cakes |
| 9 (RLIN) | 16256 |
| 942 ## - ADDED ENTRY ELEMENTS (KOHA) | |
| Source of classification or shelving scheme | Library of Congress Classification |
| Koha item type | |
| Withdrawn status | Lost status | Source of classification or shelving scheme | Damaged status | Home library | Current library | Shelving location | Date acquired | Total Checkouts | Full call number | Barcode | Date last seen | Copy number | Price effective from | Koha item type |
|---|---|---|---|---|---|---|---|---|---|---|---|---|---|---|
| Library of Congress Classification | Luxembourg Library | Luxembourg Library | High School Section | 09/02/2013 | TX 771.2 .P648 1987 | 5207 | 05/27/2015 | 1 | 09/02/2013 | Books |